Neutralność państw europejskich aspekty prawne, międzynarodowe i polskie

Bibliographic Details
Format: Book
Language:Polish
PhysicalDescription:217 s. 21 cm
Published: Warszawa Wyższa Szkoła Menedżerska 2012
ISBN:9788375201277 (brož.)
Subjects:

MARC

LEADER 00000cam a2200000 a 4500
001 vtls010581452
003 SK-MaSNL
005 20260301133651.0
008 160429s2012 pl 000 0 pol
020 |a 9788375201277 (brož.) 
040 |a SNK  |b slo  |c SNK  |e AACR2 
041 0 |a pol 
043 |a e------ 
044 |a pl  |c PL 
072 7 |a 341  |x Medzinárodné právo  |2 konspekt 
072 7 |a 32  |x Politika  |2 konspekt 
080 |a 341.214  |2 2001 
080 |a 32  |2 2001 
080 |a (4)  |2 2001 
080 |a (048.8:082)  |2 2001 
245 0 0 |a Neutralność państw europejskich  |b aspekty prawne, międzynarodowe i polskie  |c redakcja naukowa Józef Smoliński, Zbigniew Tomkowski 
260 |a Warszawa  |b Wyższa Szkoła Menedżerska  |c 2012 
300 |a 217 s.  |c 21 cm 
504 |a Bibliogr. odkazy 
650 0 7 |a neutralita  |2 SNKPH  |9 4435 
650 0 7 |a politika  |2 SNKPH  |9 968 
650 0 7 |a Neutrality  |2 SNKPHeng  |9 343421 
650 0 7 |a Policy  |2 SNKPHeng  |9 265829 
651 7 |a Európa  |2 SNKPH  |9 167569 
651 7 |a Europe  |2 SNKPHeng  |9 56249 
655 7 |a kolektívne monografie  |2 SNKPH  |9 249850 
655 7 |a Collective monographs  |2 SNKPHeng  |9 125747 
700 1 |a Smoliński, Józef  |4 red  |9 486439 
700 1 |a Tomkowski, Zbigniew  |4 red  |9 486440 
752 |a Poľsko  |d Varšava 
919 |a 978-83-7520-127-7 
958 |a NB 
958 |a PL 
999 |c 754372  |d 756302 
952 |a SNK  |b SNK  |y VYP  |7 0  |p 17A1107165  |o snkIC 141201  |i snk2014/8468  |8 2  |g 5.74  |0 0  |1 0  |4 0  |d 2014-03-10  |l 0  |r 2026-02-23 23:44:35  |w 2026-02-23